<?xml version='1.0' encoding='UTF-8'?>
  <record xmlns="http://www.loc.gov/MARC21/slim">
    <leader>00000cam a22000007i 4500</leader>
    <controlfield tag="001">ocn901225205</controlfield>
    <controlfield tag="003">OCoLC</controlfield>
    <controlfield tag="005">20260117202015.2</controlfield>
    <controlfield tag="008">150127s1476    it            000 0 lat d</controlfield>
    <datafield tag="040" ind1=" " ind2=" ">
      <subfield code="a">NLGGC</subfield>
      <subfield code="b">eng</subfield>
      <subfield code="e">rda</subfield>
      <subfield code="e">dcrmr</subfield>
      <subfield code="c">NLGGC</subfield>
      <subfield code="d">OCLCL</subfield>
      <subfield code="d">OCLCQ</subfield>
      <subfield code="d">QGJ</subfield>
      <subfield code="d">OCLCO</subfield>
      <subfield code="d">QGJ</subfield>
      <subfield code="d">OCLCA</subfield>
      <subfield code="d">OCLCO</subfield>
      <subfield code="d">QGJ</subfield>
      <subfield code="d">OCLCO</subfield>
    </datafield>
    <datafield tag="029" ind1="0" ind2=" ">
      <subfield code="a">NLGGC</subfield>
      <subfield code="b">388320230</subfield>
    </datafield>
    <datafield tag="035" ind1=" " ind2=" ">
      <subfield code="a">(OCoLC)901225205</subfield>
    </datafield>
    <datafield tag="100" ind1="0" ind2=" ">
      <subfield code="a">Jerome,</subfield>
      <subfield code="c">Saint,</subfield>
      <subfield code="d">-419 or 420,</subfield>
      <subfield code="e">correspondent,</subfield>
      <subfield code="e">author.</subfield>
      <subfield code="4">crp</subfield>
      <subfield code="4">aut</subfield>
      <subfield code="1">https://id.oclc.org/worldcat/entity/E39PCjJB3qjpGMkybXmJ3G8qHC</subfield>
    </datafield>
    <datafield tag="240" ind1="1" ind2="0">
      <subfield code="a">Correspondence</subfield>
    </datafield>
    <datafield tag="245" ind1="1" ind2="0">
      <subfield code="a">Epistolae</subfield>
    </datafield>
    <datafield tag="246" ind1="1" ind2=" ">
      <subfield code="i">Title according to BSB-INK</subfield>
      <subfield code="a">Epistulae</subfield>
    </datafield>
    <datafield tag="264" ind1=" " ind2="1">
      <subfield code="a">Venetiis :</subfield>
      <subfield code="b">Antonius Bartholomei,</subfield>
      <subfield code="c">M.cccc.lxx.vi. Die xxii mensis Ianuarij. [22 Jan. 1476]</subfield>
    </datafield>
    <datafield tag="300" ind1=" " ind2=" ">
      <subfield code="a">2 volumes ([154]; [210] leaves) ;</subfield>
      <subfield code="c">41 cm (folio)</subfield>
    </datafield>
    <datafield tag="336" ind1=" " ind2=" ">
      <subfield code="a">text</subfield>
      <subfield code="b">txt</subfield>
      <subfield code="2">rdacontent</subfield>
    </datafield>
    <datafield tag="337" ind1=" " ind2=" ">
      <subfield code="a">unmediated</subfield>
      <subfield code="b">n</subfield>
      <subfield code="2">rdamedia</subfield>
    </datafield>
    <datafield tag="338" ind1=" " ind2=" ">
      <subfield code="a">volume</subfield>
      <subfield code="b">nc</subfield>
      <subfield code="2">rdacarrier</subfield>
    </datafield>
    <datafield tag="340" ind1=" " ind2=" ">
      <subfield code="m">folio</subfield>
      <subfield code="2">rdabf</subfield>
    </datafield>
    <datafield tag="340" ind1=" " ind2=" ">
      <subfield code="m">2 columns</subfield>
    </datafield>
    <datafield tag="500" ind1=" " ind2=" ">
      <subfield code="a">Title from ISTC and GW.</subfield>
    </datafield>
    <datafield tag="500" ind1=" " ind2=" ">
      <subfield code="a">Includes also treatises by Saint Jerome and other authors. For complete list of works included see Gesamtkatalog der Wiegendrucke.</subfield>
    </datafield>
    <datafield tag="500" ind1=" " ind2=" ">
      <subfield code="a">Edited by Theodorus Laelius.</subfield>
    </datafield>
    <datafield tag="500" ind1=" " ind2=" ">
      <subfield code="a">Publication statement from colophon (volume 2, leaf x6 verso), which reads: Elegantissimas Diui Hieronymi Epistolas: Antonius Bartholomei Venetiis Feliciter Imp[re]ssit M.cccc.lxx.vi. Die xxii mensis Ianuarij. FINIS.</subfield>
    </datafield>
    <datafield tag="500" ind1=" " ind2=" ">
      <subfield code="a">First line leaf A2 recto: [M]Ihi Quidem fidelissime Papa Laurenti ad scribendu[m] animus no[n] est tam cupidus: ...</subfield>
    </datafield>
    <datafield tag="500" ind1=" " ind2=" ">
      <subfield code="a">First line leaf a1 recto: [P]Rius te Cypria[n]e p[re]byterorum studiosissime et de illorum nu[m]ero super quibus audiuit moyses Elige p[re]sbyteros ...</subfield>
    </datafield>
    <datafield tag="500" ind1=" " ind2=" ">
      <subfield code="a">Text printed in two columns.</subfield>
    </datafield>
    <datafield tag="500" ind1=" " ind2=" ">
      <subfield code="a">Capital spaces without guide letters.</subfield>
    </datafield>
    <datafield tag="500" ind1=" " ind2=" ">
      <subfield code="a">Signatures volume 1: A-C¹⁰ D-I⁸/¹⁰ L-O⁸/¹⁰ P-R⁸ S⁶ T-V⁴; A1, T4v and V4 are blank.</subfield>
    </datafield>
    <datafield tag="500" ind1=" " ind2=" ">
      <subfield code="a">Signatures volume 2: a-t¹⁰ u-x⁸; a1 and x7-8 are blank; a2-a5 signed a1-a4.</subfield>
    </datafield>
    <datafield tag="500" ind1=" " ind2=" ">
      <subfield code="a">Gathering V is table of contents of volume 1 and has first line: [B]EATI Hieronymi epistolas ad eruditione[m] christiana[m] pernecessarias reru[m] ac materia[um] co[n]fusas et si[n]e ullo ordini descriptas agnovim[us].</subfield>
    </datafield>
    <datafield tag="500" ind1=" " ind2=" ">
      <subfield code="a">Gathering T is table of contents of volume 2 and has incipit: [I]NCIPIT Tabula Epistolarum Beati hieronymi presbyteri redactarum incertum ordinem ac distinctarum secundu[m] materias per Theodorum Lelium auditorem apostolicum earum uidelicet tantum quae in hoc secundo volumine continentur. Na[m] prima pars tabulae alteri volumini praeponitur.</subfield>
    </datafield>
    <datafield tag="510" ind1="4" ind2=" ">
      <subfield code="a">Incunabula Short Title Catalogue,</subfield>
      <subfield code="c">ih00166000</subfield>
      <subfield code="u">https://data.cerl.org/istc/ih00166000</subfield>
    </datafield>
    <datafield tag="510" ind1="4" ind2=" ">
      <subfield code="a">Gesamtkatalog der Wiegendrucke,</subfield>
      <subfield code="c">12426</subfield>
      <subfield code="u">https://www.gesamtkatalogderwiegendrucke.de/docs/GW12426.htm</subfield>
    </datafield>
    <datafield tag="510" ind1="4" ind2=" ">
      <subfield code="a">Incunabula in Dutch Libraires,</subfield>
      <subfield code="c">2299</subfield>
    </datafield>
    <datafield tag="510" ind1="4" ind2=" ">
      <subfield code="a">Bayerische Staatsbibliothek Inkunabelkatalog,</subfield>
      <subfield code="c">H-247</subfield>
      <subfield code="u">https://inkunabeln.digitale-sammlungen.de/Ausgabe_H-247.html</subfield>
    </datafield>
    <datafield tag="510" ind1="4" ind2=" ">
      <subfield code="a">Typenrepertorium der Wiegendrucke,</subfield>
      <subfield code="c">ma08689</subfield>
      <subfield code="u">https://tw.staatsbibliothek-berlin.de/ma08689</subfield>
    </datafield>
    <datafield tag="546" ind1=" " ind2=" ">
      <subfield code="b">Typface: 2:79G</subfield>
    </datafield>
    <datafield tag="600" ind1="0" ind2="0">
      <subfield code="a">Jerome,</subfield>
      <subfield code="c">Saint,</subfield>
      <subfield code="d">-419 or 420</subfield>
      <subfield code="v">Correspondence.</subfield>
    </datafield>
    <datafield tag="600" ind1="0" ind2="7">
      <subfield code="a">Jerome,</subfield>
      <subfield code="c">Saint,</subfield>
      <subfield code="d">-419 or 420</subfield>
      <subfield code="2">fast</subfield>
    </datafield>
    <datafield tag="655" ind1=" " ind2="7">
      <subfield code="a">incunabula (books)</subfield>
      <subfield code="2">aat</subfield>
    </datafield>
    <datafield tag="655" ind1=" " ind2="7">
      <subfield code="a">Personal correspondence</subfield>
      <subfield code="2">fast</subfield>
    </datafield>
    <datafield tag="655" ind1=" " ind2="7">
      <subfield code="a">Incunabula.</subfield>
      <subfield code="2">lcgft</subfield>
    </datafield>
    <datafield tag="655" ind1=" " ind2="7">
      <subfield code="a">Incunables.</subfield>
      <subfield code="2">rvmgf</subfield>
    </datafield>
    <datafield tag="700" ind1="1" ind2=" ">
      <subfield code="a">Laelius, Theodorus,</subfield>
      <subfield code="d">1427-1466,</subfield>
      <subfield code="e">editor.</subfield>
      <subfield code="4">edt</subfield>
      <subfield code="1">https://id.oclc.org/worldcat/entity/E39PBJymyKmwhvBGgJqtT6xCcP</subfield>
    </datafield>
    <datafield tag="700" ind1="1" ind2=" ">
      <subfield code="a">Miscomini, Antonio,</subfield>
      <subfield code="d">active 1476-1496,</subfield>
      <subfield code="e">printer.</subfield>
      <subfield code="4">prt</subfield>
      <subfield code="1">https://id.oclc.org/worldcat/entity/E39PBJqk99wQDrJj3fXFVffpfq</subfield>
    </datafield>
    <datafield tag="752" ind1=" " ind2=" ">
      <subfield code="a">Italy</subfield>
      <subfield code="d">Venice,</subfield>
      <subfield code="e">publication place.</subfield>
      <subfield code="4">pup</subfield>
    </datafield>
    <datafield tag="936" ind1=" " ind2=" ">
      <subfield code="a">BATCHLOAD</subfield>
    </datafield>
  </record>